000
00298nam a22001337a 4500
008
170511b xxu||||| |||| 00| 0 eng d
020
_a
9781859417553
041
_a
eng
080
_2
6TH
_a
34
100
_a
15
101
_a
SHJ
245
_a
THE ENGLISH LEGAL SYSTEM
_c
SLAPPER, G
942
_2
udc
_c
BK
999
_c
13130
_d
13130